| 000 | 00421pab a2200157 454500 | ||
|---|---|---|---|
| 008 | 180718b1998 xxu||||| |||| 00| 0 eng d | ||
| 100 | _aJorgensen, Torben Beck | ||
| 245 | _aPublic organizations, multiple constituencies and governance | ||
| 260 | _c1998 | ||
| 300 | _ap.499-518 | ||
| 362 | _aAutumn | ||
| 650 | _aPublic sector | ||
| 650 | _aPublic administration | ||
| 773 | _aPublic Administration | ||
| 909 | _a39160 | ||
| 999 |
_c39160 _d39160 |
||